00219nam a2200085Ia 4500008004100000100002200041245002500063260003700088300000800125201217s9999 xx 000 0 und d aPeppers, Larry C. 0aManagerial Economics aEngle4wood CliffsbPrentice Hall a679